[Event "IND-ch 57th"]
[Site "Majitar"]
[Date "2019.12.11"]
[Round "3"]
[White "Laxman, Rajaram"]
[Black "Kamdar, Udit"]
[Result "1-0"]
[WhiteElo "2444"]
[BlackElo "2107"]
[PlyCount "101"]
[EventDate "2019.12.10"]
[EventType "swiss"]
[EventRounds "11"]
[EventCountry "IND"]
[SourceTitle "CBM 193 Extra"]
[Source "ChessBase"]
[SourceDate "2020.01.31"]
[SourceVersion "1"]
[SourceVersionDate "2020.01.31"]
[SourceQuality "1"]

1. d4 c6 2. Nf3 Nf6 3. Bf4 d5 4. e3 Qb6 5. Qc1 Bf5 6. h3 Nbd7 7. Bd3 Bxd3 8. cxd3 c5 9. Be5 e6 10. 0-0 cxd4 11. Bxd4 Bc5 12. Bxc5 Nxc5 13. Qc2 0-0 14. Rc1 Na6 15. a3 Qd8 16. Nbd2 Rc8 17. Qa4 Nc5 18. Qd4 Qb6 19. b4 Na4 20. Nb3 Qxd4 21. Nbxd4 a6 22. Ne5 Nb6 23. Nb3 Rxc1+ 24. Rxc1 Rc8 25. Rc5 Ne8 26. Nd7 Rxc5 27. Ndxc5 Nd6 28. Na5 Nb5 29. Naxb7 Nxa3 30. Kf1 d4 31. e4 Kf8 32. Nxa6 Na4 33. Nbc5 Nc3 34. Nb8 Nc2 35. Nc6 Ke8 36. f4 g6 37. g3 f5 38. Kf2 Kf7 39. e5 h6 40. Nd8+ Ke7 41. Nc6+ Kf7 42. h4 g5 43. hxg5 hxg5 44. fxg5 Nb5 45. Ke2 Nc7 46. Kd2 Ne3 47. Nxd4 Nf1+ 48. Ke1 Nxg3 49. b5 Nd5 50. Ndxe6 f4 51. Nxf4 1-0

[Event "IND-ch Challengers 55th"]
[Site "Ahmedabad"]
[Date "2017.08.17"]
[Round "7"]
[White "Swayams, Mishra"]
[Black "Kamdar, Udit"]
[Result "1/2-1/2"]
[WhiteElo "2455"]
[BlackElo "1947"]
[PlyCount "71"]
[EventDate "2017.08.13"]
[EventType "swiss"]
[EventRounds "13"]
[EventCountry "IND"]
[SourceTitle "CBM 180 Extra"]
[Source "ChessBase"]
[SourceDate "2017.10.06"]
[SourceVersion "1"]
[SourceVersionDate "2017.10.06"]
[SourceQuality "1"]

1. d4 c6 2. c4 d5 3. Nf3 Nf6 4. Nc3 e6 5. Bg5 h6 6. Bh4 dxc4 7. e4 g5 8. Bg3 b5 9. Be2 Bb7 10. Ne5 h5 11. h4 g4 12. 0-0 Nbd7 13. Nxd7 Qxd7 14. e5 Nd5 15. Ne4 0-0-0 16. Qd2 Qc7 17. a4 a6 18. Rfd1 Nb6 19. Bf1 Nxa4 20. Nd6+ Rxd6 21. exd6 Bxd6 22. Bxd6 Qxd6 23. Bxc4 Rd8 24. Bb3 c5 25. Bxa4 Qd5 26. f3 gxf3 27. Qc2 Rg8 28. Rd2 c4 29. Rf1 bxa4 30. Qh7 Rxg2+ 31. Rxg2 Qxd4+ 32. Rgf2 Qg4+ 33. Kh2 Qxh4+ 34. Kg1 Qg3+ 35. Kh1 Qh3+ 36. Kg1 1/2-1/2

[Event "Mumbai Mayors Cup 10th"]
[Site "Mumbai"]
[Date "2017.06.11"]
[Round "10"]
[White "Kamdar, Udit"]
[Black "Krishna Teja, N."]
[Result "1/2-1/2"]
[WhiteElo "2028"]
[BlackElo "2406"]
[PlyCount "125"]
[EventDate "2017.06.04"]
[EventType "swiss"]
[EventRounds "10"]
[EventCountry "IND"]
[SourceTitle "CBM 178 Extra"]
[Source "ChessBase"]
[SourceDate "2017.06.22"]
[SourceVersion "1"]
[SourceVersionDate "2017.06.22"]
[SourceQuality "1"]

1. e4 e6 2. Nc3 d5 3. Nf3 Nf6 4. e5 Nfd7 5. d4 c5 6. dxc5 Nc6 7. Bf4 Be7 8. Bd3 Nxc5 9. 0-0 0-0 10. Re1 f5 11. exf6 Bxf6 12. Ne5 Nxe5 13. Bxe5 Bxe5 14. Rxe5 Nxd3 15. Qxd3 Qb6 16. Nd1 Bd7 17. c3 Rf6 18. Qe3 Qa6 19. f4 Rxf4 20. Qxf4 Rf8 21. Qxf8+ Kxf8 22. Nf2 Ke7 23. a3 Qb5 24. b4 Kd6 25. Rae1 Qa4 26. Nh3 Qxa3 27. R1e3 Qc1+ 28. Kf2 Qc2+ 29. Kg1 Qd1+ 30. Kf2 Qg4 31. Ng5 h6 32. Nf3 g5 33. h3 Qf4 34. g3 Qf6 35. Rd3 Qg6 36. Rde3 Qc2+ 37. Kg1 Qd1+ 38. Kg2 b6 39. Nd4 a5 40. bxa5 bxa5 41. Nxe6 a4 42. Nd4 a3 43. Re1 Qd2+ 44. R1e2 Qxc3 45. Nf5+ Bxf5 46. Rxf5 Kc5 47. Rf3 Qa1 48. Rf1 Qc3 49. Rf3 Qc4 50. Ree3 a2 51. Ra3 Qe2+ 52. Rf2 Qe4+ 53. Kh2 h5 54. Rfxa2 h4 55. gxh4 gxh4 56. Rc3+ Kd4 57. Rca3 Qe1 58. Ra4+ Ke5 59. R4a3 d4 60. Rd3 Ke4 61. Rad2 Ke5 62. Kg2 Qe4+ 63. Kh2 1/2-1/2

[Event "Mumbai Mayors Cup 10th"]
[Site "Mumbai"]
[Date "2017.06.08"]
[Round "7"]
[White "Akash Pc, Iyer"]
[Black "Kamdar, Udit"]
[Result "1-0"]
[WhiteElo "2282"]
[BlackElo "2028"]
[PlyCount "57"]
[EventDate "2017.06.04"]
[EventType "swiss"]
[EventRounds "10"]
[EventCountry "IND"]
[SourceTitle "CBM 178 Extra"]
[Source "ChessBase"]
[SourceDate "2017.06.22"]
[SourceVersion "1"]
[SourceVersionDate "2017.06.22"]
[SourceQuality "1"]

1. Nf3 c6 2. b3 d5 3. Bb2 Nf6 4. g3 Nbd7 5. Bg2 Qc7 6. d3 e5 7. Nbd2 Bd6 8. e4 0-0 9. 0-0 Re8 10. Re1 b5 11. h3 d4 12. Nh4 Nb6 13. c3 c5 14. Rc1 Qd8 15. Nf5 Rb8 16. Nxd6 Qxd6 17. cxd4 cxd4 18. Rf1 Ba6 19. f4 Nfd7 20. Nf3 f6 21. fxe5 Nxe5 22. Nxd4 b4 23. Nf5 Qxd3 24. Rc7 Nf7 25. Qg4 g6 26. Rxf7 Kxf7 27. Nh6+ Ke7 28. Bxf6+ Kd6 29. Rd1 1-0

[Event "Mumbai Mayors Cup 10th"]
[Site "Mumbai"]
[Date "2017.06.04"]
[Round "1"]
[White "Ziatdinov, Raset"]
[Black "Kamdar, Udit"]
[Result "1-0"]
[WhiteElo "2291"]
[BlackElo "2028"]
[PlyCount "130"]
[EventDate "2017.06.04"]
[EventType "swiss"]
[EventRounds "10"]
[EventCountry "IND"]
[SourceTitle "CBM 178 Extra"]
[Source "ChessBase"]
[SourceDate "2017.06.22"]
[SourceVersion "1"]
[SourceVersionDate "2017.06.22"]
[SourceQuality "1"]

1. d4 Nf6 2. Nf3 g6 3. g3 Bg7 4. Bg2 d6 5. 0-0 0-0 6. b3 Nc6 7. Bb2 a6 8. c4 Rb8 9. d5 Na5 10. Qe1 c5 11. Bc3 b6 12. e4 e5 13. dxe6 Bxe6 14. e5 dxe5 15. Nxe5 Qc7 16. Nd2 Rfe8 17. Qc1 Bf5 18. Qb2 Re6 19. f4 h5 20. Nef3 Rd8 21. Rae1 Qe7 22. Rxe6 fxe6 23. Nh4 Ng4 24. Re1 Rd3 25. Bxg7 Qxg7 26. Qxg7+ Kxg7 27. Nf1 Kf6 28. Nxf5 gxf5 29. h3 Nh6 30. Kf2 Rd4 31. Ke3 Nf7 32. Bf3 h4 33. gxh4 e5 34. fxe5+ Nxe5 35. Bg2 Nac6 36. h5 Nb4 37. Ke2 Nxa2 38. Ne3 Nc3+ 39. Kf1 Nd3 40. Ra1 Nb4 41. Kg1 Kg5 42. h6 Rh4 43. Rf1 Ne2+ 44. Kh2 Nd4 45. Bb7 Rxh6 46. Bc8 Rf6 47. Ng2 Rf8 48. h4+ Kf6 49. Bb7 Nxb3 50. Nf4 Nd4 51. Rg1 Rb8 52. Bh1 a5 53. h5 a4 54. h6 Rh8 55. Rg6+ Ke5 56. Kg3 a3 57. Rxb6 Ne2+ 58. Nxe2 a2 59. Bd5 Re8 60. h7 Nxd5 61. cxd5 a1Q 62. Re6+ Kxd5 63. Nf4+ Kc4 64. Rxe8 Qg7+ 65. Kf3 Qxh7 1-0

[Event "IND-ch U17"]
[Site "Kolkata"]
[Date "2016.09.12"]
[Round "5"]
[White "Koustav, Chatterjee"]
[Black "Kamdar, Udit"]
[Result "1-0"]
[WhiteElo "2106"]
[BlackElo "1808"]
[PlyCount "87"]
[EventDate "2016.09.09"]
[EventType "swiss"]
[EventRounds "11"]
[EventCountry "IND"]
[SourceTitle "CBM 174 Extra"]
[Source "ChessBase"]
[SourceDate "2016.10.10"]
[SourceVersion "1"]
[SourceVersionDate "2016.10.10"]
[SourceQuality "1"]

1. d4 c6 2. c4 d5 3. Nc3 Nf6 4. Nf3 e6 5. e3 Nbd7 6. Bd3 dxc4 7. Bxc4 b5 8. Bd3 Bb7 9. 0-0 b4 10. Ne4 Nxe4 11. Bxe4 Bd6 12. Bd2 f5 13. Bd3 Qe7 14. e4 fxe4 15. Bxe4 Nf6 16. Bg5 Qf7 17. Bxf6 gxf6 18. Rc1 Rc8 19. Qa4 Qd7 20. Qb3 Kf8 21. Bd3 Kg7 22. Bc4 Rce8 23. Rfe1 Bc8 24. Rcd1 Rhf8 25. Re3 Re7 26. Rde1 Rfe8 27. Qc2 Qc7 28. Qb3 Qd7 29. Re4 c5 30. Qe3 cxd4 31. Rg4+ Kh8 32. Qh6 Rf7 33. Nh4 Rg7 34. Rxg7 Qxg7 35. Qxg7+ Kxg7 36. Nf5+ Kg6 37. Nxd6 Rd8 38. Bd3+ Kg7 39. Rc1 Rxd6 40. Rxc8 f5 41. f4 Kf6 42. Rc7 e5 43. fxe5+ Kxe5 44. Rc5+ 1-0

[Event "IND-ch U17"]
[Site "Kolkata"]
[Date "2016.09.11"]
[Round "4"]
[White "Kamdar, Udit"]
[Black "Karthik, Venkataraman"]
[Result "0-1"]
[WhiteElo "1808"]
[BlackElo "2284"]
[PlyCount "88"]
[EventDate "2016.09.09"]
[EventType "swiss"]
[EventRounds "11"]
[EventCountry "IND"]
[SourceTitle "CBM 174 Extra"]
[Source "ChessBase"]
[SourceDate "2016.10.10"]
[SourceVersion "1"]
[SourceVersionDate "2016.10.10"]
[SourceQuality "1"]

1. e4 e5 2. Bc4 Nf6 3. d3 Nc6 4. Nc3 Na5 5. Nge2 Be7 6. 0-0 d6 7. f3 c6 8. Bb3 0-0 9. Qe1 Nxb3 10. axb3 d5 11. Kh1 Re8 12. Qf2 a6 13. g4 Be6 14. Ng3 Nd7 15. Nce2 Bc5 16. Qg2 Nf8 17. Nf5 Ng6 18. Qg3 Be7 19. g5 Qd7 20. Nxe7+ Qxe7 21. h4 Qc5 22. c3 Qb5 23. c4 Qxb3 24. Ra3 Qb4 25. h5 Nf8 26. Rc3 dxc4 27. d4 exd4 28. Nxd4 Rad8 29. Nf5 Bxf5 30. exf5 Qc5 31. f6 Re2 32. f4 Qf5 33. Qf3 Re4 34. b3 Ne6 35. bxc4 Nd4 36. Rd3 Rde8 37. Qg2 Re2 38. Qg3 Qe4+ 39. Kg1 Rc2 40. Re3 Ne2+ 41. Rxe2 Rxe2 42. f5 Re1 43. Bd2 Rxf1+ 44. Kxf1 Qe2+ 0-1

[Event "IND-ch U17"]
[Site "Kolkata"]
[Date "2016.09.10"]
[Round "3"]
[White "Aronyak, Ghosh"]
[Black "Kamdar, Udit"]
[Result "0-1"]
[WhiteElo "2151"]
[BlackElo "1808"]
[PlyCount "94"]
[EventDate "2016.09.09"]
[EventType "swiss"]
[EventRounds "11"]
[EventCountry "IND"]
[SourceTitle "CBM 174 Extra"]
[Source "ChessBase"]
[SourceDate "2016.10.10"]
[SourceVersion "1"]
[SourceVersionDate "2016.10.10"]
[SourceQuality "1"]

1. d4 c6 2. Nf3 d5 3. e3 Nf6 4. b3 Ne4 5. Bb2 e6 6. Bd3 f5 7. Ne5 g6 8. 0-0 Nd7 9. Nxd7 Bxd7 10. f3 Nf6 11. Nd2 Qb6 12. c4 Be7 13. e4 0-0 14. c5 Qc7 15. exf5 exf5 16. Re1 Rae8 17. Nf1 Nh5 18. Qd2 Nf4 19. g3 Ne6 20. Qf2 f4 21. g4 Qd8 22. Re2 Bh4 23. Qg2 Ng5 24. Rc1 Rxe2 25. Bxe2 Re8 26. Bd3 Re7 27. Bc3 Qe8 28. Rd1 Be1 29. Bb2 Bh4 30. Bc3 Qf7 31. a3 Qg7 32. b4 Ne6 33. Bc2 Bf6 34. Qf2 Ng5 35. Kg2 h5 36. h4 Nxf3 37. g5 Bg4 38. Rd3 Bxd4 39. Rxd4 Nxd4 40. Bxd4 Qf7 41. Bd3 Bf5 42. Qc2 Be4+ 43. Bxe4 Rxe4 44. Bf2 Qf5 45. Qd3 Qg4+ 46. Kh2 Kh7 47. Kh1 f3 0-1